Neeb's fundamentals of mental health nursing

שמור ב:
מידע ביבליוגרפי
מחבר ראשי: GORMAN, Linda M Anwar, Robynn
פורמט: ספר
שפה:אנגלית
יצא לאור: F.A.Davis 2014
תגים: הוספת תג
אין תגיות, היה/י הראשונ/ה לתייג את הרשומה!

MARC

LEADER 00000nam a22000007a 4500
008 210909b ||||| |||| 00| 0 eng d
020 |a 9780803629936 
100 |a GORMAN, Linda M  |a Anwar, Robynn 
245 |a Neeb's fundamentals of mental health nursing  |c Linda M. Gorman, Robynn F.Anwar  |g xvi, 416p 
250 |b 4th 
260 |b F.A.Davis  |c 2014  |h .Philadelphia  |i 696832  |i 696833  |l RC440.G68 
500 |a it includes references and index 
942 |a lcc  |c BK  |e Johnson  |f 09/09/21 
952 |0 0  |1 0  |2 lcc  |4 0  |6 RC0440 G68  |7 0  |9 3526  |a HE  |b HOL  |c QZ  |d 2021-09-10  |l 0  |o RC440.G68  |p 2021-67255  |r 2021-09-10 00:00:00  |w 2021-09-10  |y BK 
952 |0 0  |1 0  |2 lcc  |4 0  |6 RC0440 G68  |7 0  |9 3527  |a HOL  |b HOL  |c QZ  |d 2021-09-10  |l 0  |o RC440.G68  |p 2021-67256  |r 2021-09-10 00:00:00  |w 2021-09-10  |y BK 
999 |c 1748  |d 1748